Relación de la ciudad del Cusco : (Record no. 2588)

000 -CABECERA
fixed length control field 01149nam a22002297a 4500
003 - IDENTIFICADOR DEL NÚMERO DE CONTROL
control field AR-CdUCM
008 - DATOS DE LONGITUD FIJA--INFORMACIÓN GENERAL
fixed length control field 190305b ||||| |||| 00| 0 spa d
040 ## - FUENTE DE LA CATALOGACIÓN
Agencia/entidad que catalogó originalmente la obra MUNICIPALIDAD PROVINCIAL DEL CUSCO
Entidad que transcribió la catalogación BIBLIOTECA MUNICIPAL DEL CUSCO
082 ## - NÚMERO DE LA CLASIFICACIÓN DECIMAL DEWEY
No. de Clasificación 985.61/C74R
Notacion interna C74R
100 ## - ENTRADA PRINCIPAL--NOMBRE DE PERSONA
Nombre Personal Contreras y Valverde, Vasco de
245 ## - MENCIÓN DE TÍTULO
Título Relación de la ciudad del Cusco :
Resto del título 1649 - 1982 /
Mención de responsabilidad Vasco de Contreras y Valverde
260 ## - PUBLICACIÓN, DISTRIBUCIÓN, ETC.
Lugar de publicación, distribución, etc. Cusco :
Nombre de la editorial, distribuidor, etc. Imprenta Amauta ,
Fecha de publicación, distribución, etc. 1983.
300 ## - DESCRIPCIÓN FÍSICA
Nº de Páginas Extensión 194 páginas. :
Otros detalles físicos ilustraciones ;
Dimensiones 21 cm.
505 ## - NOTA DE CONTENIDO CON FORMATO
Nota de contenido formateada Contenido: Descripción de la Ciudad del Cuzco -- Hierbas Medicinales -- Piedras Medicinales y Pájaros -- Ríos, Fuentes, Salinas de esta ciudad -- Primera fundación de la ciudad del Cusco -- Capitulo en que se da razón de haber hallado cruces. Los primeros españoles en la cuidad del Cusco. -- Primeros Prebendados de esta San Iglesia.
650 ## - PUNTO DE ACCESO ADICIONAL DE MATERIA--TÉRMINO DE MATERIA
Descriptor Ciudad del Cusco
9 (RLIN) 9144
650 ## - PUNTO DE ACCESO ADICIONAL DE MATERIA--TÉRMINO DE MATERIA
Descriptor Historia del Cusco
9 (RLIN) 1714
650 ## - PUNTO DE ACCESO ADICIONAL DE MATERIA--TÉRMINO DE MATERIA
Descriptor Cusco Colonial
9 (RLIN) 1874
650 ## - PUNTO DE ACCESO ADICIONAL DE MATERIA--TÉRMINO DE MATERIA
Descriptor Época virreinal
9 (RLIN) 48188
700 ## - PUNTO DE ACCESO ADICIONAL--NOMBRE DE PERSONA
Nombre Personal Martín Rubio, María del Carmen
Término de relación Prologuista
-- Transcripción
9 (RLIN) 46154
942 ## - ELEMENTOS DE PUNTO DE ACCESO ADICIONAL (KOHA)
Fuente de clasificación
Tipo de item Libros-BMC
945 ## - PROCESAMIENTO DE INFORMACIÓN LOCAL (OCLC)
Catalogador rtm
Holdings
Estado de retiro (separado) Fuente de clasificación o esquema de estanterías Estado dañado Ubicación Sala donde se ubica Nombre de la colección Fecha de adquisición o compra Costo, precio normal en soles Signatura topográfica Código de Barras Última vez visto (Koha) Tipo de ítem (Koha)
No     Sala Humanidades Sala Humanidades Book Cart 2019-03-05 50.00 985.61 / C74R / E.2 SH0000002730 2019-03-05 Libros-BMC
No     Sala Humanidades Sala Humanidades Book Cart 2019-03-05 50.00 985.61 / C74R SH0000003426 2019-03-05 Libros-BMC
No     Sala Humanidades Sala Humanidades Book Cart 2019-03-05 50.00 985.61 / C74R / e.3 SH0000015430 2019-10-29 Libros-BMC

Powered by Koha